书目信息 |
| 题名: |
人体疾病生化紊乱
|
|
| 作者: | ;山东医学院生物化学教研室 编译 | |
| 分册: | ||
| 出版信息: | 北京 人民卫生出版社 1978 |
|
| 页数: | 350页 | |
| 开本: | 26cm | |
| 丛书名: | ||
| 单 册: | ||
| 中图分类: | R362 | |
| 科图分类: | ||
| 主题词: | 病理生物化学 | |
| 电子资源: | ||
| ISBN: | ||
| 000 | 00649nam0 2200217 45 | |
| 001 | 0178000718 | |
| 005 | 20060704145748.06 | |
| 010 | @dCNY1.85 | |
| 091 | @a14048.3635 | |
| 100 | @a19950803d1978 em y0chiy0121 ea | |
| 101 | 1 | @achi |
| 102 | @aCN@b110000 | |
| 105 | @ay z 000yy | |
| 200 | 10 | @a人体疾病生化紊乱@Aren ti ji bing sheng hua wen luan@f山东医学院生物化学教研室编译 |
| 210 | @a北京@c人民卫生出版社@d1978 | |
| 215 | @a350页@d26cm | |
| 606 | @a病理生物化学 | |
| 690 | @aR362@v3 | |
| 711 | 02 | @a山东医学院生物化学教研室@Ashan dong yi xue yuan sheng wu hua xue jiao yan shi@4编译 |
| 801 | 0 | @aCN@bTSSF@c20060704 |
| 905 | @a10447@dR362@e95 | |
| 人体疾病生化紊乱/山东医学院生物化学教研室编译.-北京:人民卫生出版社,1978 |
| 350页;26cm |
| ISBN :CNY1.85 |
| ● |
| 相关链接 |
|
|
|
|
正题名:人体疾病生化紊乱
索取号:R362/95
 
预约/预借
| 序号 | 登录号 | 条形码 | 馆藏地/架位号 | 状态 | 备注 |
| 1 | 0421617 | 204216179 | 密集书库/ [索取号:R362/95] | 在馆 |